Advanced physicochemical treatment processes / (Record no. 11378)
[ view plain ]
| 000 -LEADER | |
|---|---|
| fixed length control field | 01589cam a22003614a 4500 |
| 001 - CONTROL NUMBER | |
| control field | 13998767 |
| 005 - DATE AND TIME OF LATEST TRANSACTION | |
| control field | 20080311122244.0 |
| 008 - FIXED-LENGTH DATA ELEMENTS--GENERAL INFORMATION | |
| fixed length control field | 050610s2007 njua b 001 0 eng |
| 010 ## - LIBRARY OF CONGRESS CONTROL NUMBER | |
| LC control number | 2005016683 |
| 020 ## - INTERNATIONAL STANDARD BOOK NUMBER | |
| International Standard Book Number | 1588293610 (alk. paper) |
| 020 ## - INTERNATIONAL STANDARD BOOK NUMBER | |
| International Standard Book Number | 9781588298607 |
| 040 ## - CATALOGING SOURCE | |
| Original cataloging agency | DLC |
| Transcribing agency | DLC |
| Modifying agency | DLC |
| 042 ## - AUTHENTICATION CODE | |
| Authentication code | pcc |
| 050 00 - LIBRARY OF CONGRESS CALL NUMBER | |
| Classification number | TD170 |
| Item number | .H37 2004 vol. 4 |
| Classification number | TD430 |
| 082 00 - DEWEY DECIMAL CLASSIFICATION NUMBER | |
| Classification number | 628.162 |
| Edition number | 22 |
| Item number | ADV |
| 245 00 - TITLE STATEMENT | |
| Title | Advanced physicochemical treatment processes / |
| Statement of responsibility, etc | edited by Lawrence K. Wang, Yung-Tse Hung, Nazih K. Shammas. |
| 260 ## - PUBLICATION, DISTRIBUTION, ETC. (IMPRINT) | |
| Place of publication, distribution, etc | Totowa, N.J. : |
| Name of publisher, distributor, etc | Humana Press, |
| Date of publication, distribution, etc | c.2007. |
| 300 ## - PHYSICAL DESCRIPTION | |
| Extent | xx, 690 p. : |
| Other physical details | ill. ; |
| Dimensions | 26 cm. |
| 490 1# - Series Statement | |
| Series statement | Handbook of environmental engineering ; |
| Volume/sequential designation | v. 4 |
| 500 ## - GENERAL NOTE | |
| General note | Includes Index. |
| 504 ## - BIBLIOGRAPHY, ETC. NOTE | |
| Bibliography, etc | Includes bibliographical references and index. |
| 650 #0 - SUBJECT ADDED ENTRY--TOPICAL TERM | |
| Topical term or geographic name as entry element | Water |
| General subdivision | Purification. |
| 9 (RLIN) | 4028 |
| 650 #0 - SUBJECT ADDED ENTRY--TOPICAL TERM | |
| Topical term or geographic name as entry element | Sewage |
| General subdivision | Purification. |
| 9 (RLIN) | 4029 |
| 700 1# - ADDED ENTRY--PERSONAL NAME | |
| Personal name | Wang, Lawrence K. |
| 9 (RLIN) | 4030 |
| 700 1# - ADDED ENTRY--PERSONAL NAME | |
| Personal name | Hung, Yung-Tse. |
| 9 (RLIN) | 4031 |
| 700 1# - ADDED ENTRY--PERSONAL NAME | |
| Personal name | Shammas, Nazih K. |
| 9 (RLIN) | 4032 |
| 830 #0 - SERIES ADDED ENTRY--UNIFORM TITLE | |
| Uniform title | Handbook of environmental engineering (2004) ; |
| Volume number/sequential designation | v. 4. |
| 9 (RLIN) | 4033 |
| 856 41 - ELECTRONIC LOCATION AND ACCESS | |
| Materials specified | Table of contents |
| Uniform Resource Identifier | <a href="http://www.loc.gov/catdir/toc/ecip0514/2005016683.html">http://www.loc.gov/catdir/toc/ecip0514/2005016683.html</a> |
| 856 42 - ELECTRONIC LOCATION AND ACCESS | |
| Materials specified | Publisher description |
| Uniform Resource Identifier | <a href="http://www.loc.gov/catdir/enhancements/fy0826/2005016683-d.html">http://www.loc.gov/catdir/enhancements/fy0826/2005016683-d.html</a> |
| 942 ## - ADDED ENTRY ELEMENTS (KOHA) | |
| Source of classification or shelving scheme | Dewey Decimal Classification |
| Item type | Book - Borrowing |
| Withdrawn status | Item status | Source of classification or shelving scheme | Damaged status | Not for loan | Vendor | Home library | Current library | Shelving location | Date acquired | Source of acquisition | Cost, normal purchase price | Serial Enumeration / chronology | Total Checkouts | Full call number | Barcode | Date last seen | Koha item type |
|---|---|---|---|---|---|---|---|---|---|---|---|---|---|---|---|---|---|
| Dewey Decimal Classification | Baccah | Central Library | Central Library | First floor | 22/04/2009 | 1200.00 | 7117 | 628.162 ADV | 000016069 | 15/07/2025 | Book - Borrowing |